000
00328nam a22001457a 4500
020
_a
9780994869104
041
_a
ENG
100
_a
David .B.V
245
_a
Elements of Economic Entomolgy
250
_a
8th
260
_a
New Delhi
_b
Brillon Publishing
_c
2016
300
_a
398
650
_a
UPSC
856
_u
Competitive exam
999
_c
150
_d
150